Energy and agriculture : Science, environment, and solutions
The use of agriculturally based fuel systems, also known as biofuels, as a means to supply energy to our technological society, provides environmentally safe, renewable energy options for all aspects of life, including industry, transportation, and electrical power generation. By providing a solid f...
محفوظ في:
| المؤلف الرئيسي: | |
|---|---|
| التنسيق: | كتاب |
| اللغة: | Undetermined |
| منشور في: |
Australia
Cengage Learning
2015
|
| الموضوعات: | |
| الوسوم: |
إضافة وسم
لا توجد وسوم, كن أول من يضع وسما على هذه التسجيلة!
|
| Thư viện lưu trữ: | Trung tâm Học liệu Trường Đại học Cần Thơ |
|---|
| LEADER | 01200nam a2200229Ia 4500 | ||
|---|---|---|---|
| 001 | CTU_235920 | ||
| 008 | 210402s9999 xx 000 0 und d | ||
| 020 | |c 1538000 | ||
| 082 | |a 333.7 | ||
| 082 | |b B989 | ||
| 100 | |a Butz, Stephen D. | ||
| 245 | 0 | |a Energy and agriculture : | |
| 245 | 0 | |b Science, environment, and solutions | |
| 245 | 0 | |c Stephen D. Butz, | |
| 260 | |a Australia | ||
| 260 | |b Cengage Learning | ||
| 260 | |c 2015 | ||
| 520 | |a The use of agriculturally based fuel systems, also known as biofuels, as a means to supply energy to our technological society, provides environmentally safe, renewable energy options for all aspects of life, including industry, transportation, and electrical power generation. By providing a solid foundation in the energy and resources used historically combined with a look at future options toward more sustainable resources ENERGY AND AGRICULTURE provides a solid understanding of one of the most important issues of the twenty-first century. | ||
| 650 | |a Năng lượng tái sinh,Renewable energy sources,Sustainable buildings | ||
| 904 | |i Tuyến | ||
| 910 | |a Tuyến | ||
| 980 | |a Trung tâm Học liệu Trường Đại học Cần Thơ | ||